| LEADER 00000nam 2200000uu 4500 |
| 001 13399116868 |
| 003 ULIBM |
| 008 160603s2550||||th 000 0 tha d |
| 020 ^a9789747799804
|
| 082 0 ^a541.22^bอ568ส
|
| 100 ^aเอ็มสเลย์, จอห์น.
|
| 245 0 ^aสนุกกับโมเลกุล : อัศจรรย์เคมีของสสารรอบตัวเรา /^cโดย จอห์น เอ็มสเลย์.
|
| 250 ^aพิมพ์ครั้งที่ 1.
|
| 260 ^aกรุงเทพฯ :^bคบไฟ,^c2550.
|
| 300 ^a378 หน้า :^bภาพประกอบ ;^c2550.
|
| 650 0 ^aBiochemistry^xPopular works.
|
| 650 0 ^aNutrition^xPopular works.
|
| 650 ^aโมเลกุล.
|
| 700 0 ^aยุทธนา ตันติรุ่งโรจน์ชัย,^eแปล.
|
| 999 ^aจริญญา
|
หนังสือดีน่าอ่าน

“ดั่งดวงแก้ว ส่องสว่าง ทางสายงาม”
จัดทำขึ้นเพื่อเฉลิมพระเกียรติ สมเด็จพระเทพรัตนราชสุดา ฯ สยามบรมราชกุมารี
เนื่องในโอกาสมหามงคลเฉลิมพระชนมพรรษา ๕ รอบ ๒ เมษายน ๒๕๕๘
โดยหนังสือเล่มนี้ได้รวบรวม ๖๐ พระอัจฉริยภาพของสมเด็จพระเทพ ฯ
ผู้อ่านจะได้รับแรงบันดาลใจให้พากเพียรเรียนรู้และขยันอดทนทำการงาน
ตามรอยเบื้องพระยุคลบาท เพราะพระองค์ทรงเป็นแบบอย่างอันดีเยี่ยมในทุกด้าน
ทั้งในความใฝ่รู้ใฝ่เรียน คุณธรรมจริยธรรม พระวิริยอุตสาหะในการทรงงาน
และอื่นๆอีกมากมาย ล้วนสามารถสร้างแรงบันดาลใจให้แก่เด็กและเยาวชน
อีกทั้งประชาชนทั่วไป ให้พากเพียรเรียนรู้และขยันอดทนทำการงานตามรอยพระยุคลบาท
เพื่อฝึกฝนตนเองให้เป็นคนดีคนเก่งของครอบครัวและสังคมต่อไป